Courting business : 101 ways for accelerating business relationships

Gorde:
Xehetasun bibliografikoak
Egile nagusia: Sabath, Ann Marie
Formatua: Liburua
Hizkuntza:Undetermined
Argitaratua: Franklin Lakes, NJ Career Press 2005
Gaiak:
Etiketak: Etiketa erantsi
Etiketarik gabe, Izan zaitez lehena erregistro honi etiketa jartzen!
Thư viện lưu trữ: Trung tâm Học liệu Trường Đại học Cần Thơ
LEADER 00719nam a2200217Ia 4500
001 CTU_128764
008 210402s9999 xx 000 0 und d
020 |c 244000 
082 |a 650.13 
082 |b S113 
100 |a Sabath, Ann Marie 
245 0 |a Courting business : 
245 0 |b 101 ways for accelerating business relationships 
245 0 |c Ann Marie Sabath 
260 |a Franklin Lakes, NJ 
260 |b Career Press 
260 |c 2005 
650 |a Success in business,Creative ability in business,Thành công trong kinh doanh,Sáng tạo trong kinh doanh 
650 |x Handbooks, manuals, etc.,Handbooks, manuals, etc. 
904 |i Minh 
980 |a Trung tâm Học liệu Trường Đại học Cần Thơ